Zjišťování národnosti obyvatelstva při sčítání lidu na našem území v minulosti a dnes
Práva národnostných a etnických menšín zakotvené v Listine základných práv a slobôd. Právo osobnej voľby menšín podľa Rámcovej zmluvy o ochrane národnostných menšín z r. 1995. Informácie z najstaršieho sčítania ľudu (1851 a 1857). Problém tzv. obcovacej reči. Sčítanie ľudu uskutočnené v prvej polovi...
Gespeichert in:
| 1. Verfasser: | |
|---|---|
| Format: | Buchkapitel |
| Sprache: | Tschechisch |
| Schlagworte: | |
| Tags: |
Keine Tags, Fügen Sie das erste Tag hinzu!
|
MARC
| LEADER | 00000naa$a2200000$$$4500 | ||
|---|---|---|---|
| 001 | 0089058 | ||
| 005 | 20220715114624.5 | ||
| 041 | 0 | |a cze | |
| 044 | |a CZ | ||
| 245 | 1 | 0 | |a Zjišťování národnosti obyvatelstva při sčítání lidu na našem území v minulosti a dnes |c Petra Berrová |
| 520 | |a Práva národnostných a etnických menšín zakotvené v Listine základných práv a slobôd. Právo osobnej voľby menšín podľa Rámcovej zmluvy o ochrane národnostných menšín z r. 1995. Informácie z najstaršieho sčítania ľudu (1851 a 1857). Problém tzv. obcovacej reči. Sčítanie ľudu uskutočnené v prvej polovici 20. storočia. Národnosť obyvateľstva českých zemí podľa sčítania ľudu v r. 1961 - 1980 a v r. 1991 - 2001. Voľba národnosti u jednotlivca nie je konečná. Možnosť zmeny národnosti počas života. | ||
| 610 | 2 | 0 | |a demografia |
| 610 | 2 | 0 | |a populácia |
| 610 | 2 | 0 | |a sčítanie ľudu |
| 610 | 2 | 0 | |a národnosti |
| 610 | 2 | 0 | |a menšiny národnostné |
| 610 | 2 | 0 | |a právo |
| 610 | 2 | 0 | |a štatistika |
| 610 | 2 | 0 | |a Česko |
| 100 | 1 | |a Berrová, Petra | |